| 000 -LEADER |
| fixed length control field |
01705 a2200253 4500 |
| 003 - CONTROL NUMBER IDENTIFIER |
| control field |
Nust |
| 005 - DATE AND TIME OF LATEST TRANSACTION |
| control field |
20230705130927.0 |
| 010 ## - LIBRARY OF CONGRESS CONTROL NUMBER |
| LC control number |
97017969 |
| 040 ## - CATALOGING SOURCE |
| Transcribing agency |
Nust |
| 082 00 - DEWEY DECIMAL CLASSIFICATION NUMBER |
| Classification number |
519,DRA |
| 100 1# - MAIN ENTRY--PERSONAL NAME |
| Personal name |
Draper, Norman Richard. |
| 9 (RLIN) |
103368 |
| 245 10 - TITLE STATEMENT |
| Title |
Applied regression analysis / |
| Statement of responsibility, etc. |
Norman R. Draper, Harry Smith. |
| 250 ## - EDITION STATEMENT |
| Edition statement |
3rd ed. |
| 260 ## - PUBLICATION, DISTRIBUTION, ETC. |
| Place of publication, distribution, etc. |
New York : |
| Name of publisher, distributor, etc. |
Wiley, |
| Date of publication, distribution, etc. |
c1998. |
| 300 ## - PHYSICAL DESCRIPTION |
| Extent |
xvii, 706 p. : |
| Other physical details |
ill. ; |
| Dimensions |
26 cm. + |
| Accompanying material |
1 computer disk (3 1/2 in.) |
| 440 #0 - SERIES STATEMENT/ADDED ENTRY--TITLE |
| Title |
Wiley series in probability and statistics. |
| 9 (RLIN) |
11039 |
| 505 ## - FORMATTED CONTENTS NOTE |
| Formatted contents note |
1.Basic prerequisite knowledge (Page-1), 2. Fittting a straight line by least squares (Page-15), 2. Cheking the straight line fit (Page-47), 3. Fitting straight lines:special topics (Page-79), 4. Regression in matrix termsstraight line case (Page-115), 5 general regression situation (Page-135), 6. Extra sum of squares and tests for several parameters being zero (Page-149), 7. Serial corelations in residuals and durben waston test (Page-179), 8. More on cheking fitted models (Page-205), 9. Multiple regression:special topics (Page 217), 10. Bias in regression (Page-235), 17. Ridge regression (Page-387), 18. Generalized linear models (Page-401), 20. Geometry of least squares (Page-427), 25. Robust regression (Page-567), 26. Resampling procedures (Page-585). |
| 650 #0 - SUBJECT ADDED ENTRY--TOPICAL TERM |
| Topical term or geographic name entry element |
Regression analysis. |
| 700 1# - ADDED ENTRY--PERSONAL NAME |
| Personal name |
Smith, Harry, |
| Dates associated with a name |
1923- |
| 9 (RLIN) |
103369 |
| 856 42 - ELECTRONIC LOCATION AND ACCESS |
| Materials specified |
Contributor biographical information |
| Uniform Resource Identifier |
<a href="http://www.loc.gov/catdir/bios/wiley042/97017969.html">http://www.loc.gov/catdir/bios/wiley042/97017969.html</a> |
| 856 42 - ELECTRONIC LOCATION AND ACCESS |
| Materials specified |
Publisher description |
| Uniform Resource Identifier |
<a href="http://www.loc.gov/catdir/description/wiley033/97017969.html">http://www.loc.gov/catdir/description/wiley033/97017969.html</a> |
| 856 42 - ELECTRONIC LOCATION AND ACCESS |
| Materials specified |
Table of Contents |
| Uniform Resource Identifier |
<a href="http://www.loc.gov/catdir/toc/onix04/97017969.html">http://www.loc.gov/catdir/toc/onix04/97017969.html</a> |
| 942 ## - ADDED ENTRY ELEMENTS (KOHA) |
| Source of classification or shelving scheme |
|
| Koha item type |
Book |
| Call number prefix |
519,DRA |